000 00991cam a22003017a 4500
003 CHAP
005 20220329141055.0
008 971013s r 00010 d
010 _a62217
011 _a63189
035 _a67365
040 _cCHAP
090 _aR-3587
100 0 0 _aCook, Roberta.
_927705
245 1 4 _aThe evolving bilateral U.S. - Mexico horticultural trading relationship
_b: trends and issues
500 _aFotocopia
500 _aSobretiro de : Acta Horticulturae 340 : 43-52, 1993
590 _aBATCH-UPD
_b10
_c20130110
_lUCH01
_h0619
590 _aBATCH-UPD
_b10
_c20130410
_lUCH01
_h0302
590 _aBATCH-UPD
_b10
_c20130914
_lUCH01
_h1043
590 _aCONVERSION
_b10
_c20130109
_lUCH01
_h1333
650 1 4 _aHorticultura
_xAspectos económicos
_xE.U.A.
_956301
650 1 4 _aHorticultura
_xAspectos económicos
_zMéxico.
_956307
650 1 4 _aLegumbres
_xMercadeo.
_965740
901 _aBK
942 _cREIMP
949 _aR-3587
_bBC
_cR
_d-152540
_eTS1
_i67365
_sb
999 _c62217
_d62217